header

Journey to the center of the Internet (Record no. 395)

MARC details
000 -LEADER
fixed length control field 01166nam a2200301Ia 4500
100 1# - MAIN ENTRY--AUTHOR NAME
Personal name Hahn, Pamela Rice.
245 10 - TITLE STATEMENT
Title Journey to the center of the Internet
260 ## - PUBLICATION, DISTRIBUTION, ETC. (IMPRINT)
Place of publication Rockland, MA :
Name of publisher Syngress Publishing,
Year of publication c2002.
300 ## - PHYSICAL DESCRIPTION
Number of Pages xxvii, 251 p. :
Other physical details ill.
500 ## - GENERAL NOTE
General note Includes index.
650 #0 - SUBJECT ADDED ENTRY--TOPICAL TERM
Topical Term Computer networks.
Topical Term Internet
Topical Term Computer network resources.
700 1# - ADDED ENTRY--PERSONAL NAME
Personal name Flores, Jesse.
856 40 - ELECTRONIC LOCATION AND ACCESS
Uniform Resource Identifier http://site.ebrary.com/lib/rucke/Doc?id=10007041

No items available.

© 2026 Rongo University
Contact us: librarian | system librarian | Rongo university